<?xml version="1.0" encoding="UTF-8"?>
<record
    xmlns:xsi="http://www.w3.org/2001/XMLSchema-instance"
    xsi:schemaLocation="http://www.loc.gov/MARC21/slim http://www.loc.gov/standards/marcxml/schema/MARC21slim.xsd"
    xmlns="http://www.loc.gov/MARC21/slim">

  <leader>01775cgm a22003977a 4500</leader>
  <controlfield tag="005">20140316093054.0</controlfield>
  <controlfield tag="007">vd cgaizm</controlfield>
  <controlfield tag="008">140313t2003    xxu237 g ||||  0| vleng d</controlfield>
  <datafield tag="020" ind1=" " ind2=" ">
    <subfield code="a">5050070009613</subfield>
  </datafield>
  <datafield tag="043" ind1=" " ind2=" ">
    <subfield code="a">a-ii---</subfield>
  </datafield>
  <datafield tag="082" ind1="0" ind2="4">
    <subfield code="2">22</subfield>
    <subfield code="a">791.4372</subfield>
    <subfield code="b">PAS</subfield>
  </datafield>
  <datafield tag="245" ind1="0" ind2="2">
    <subfield code="a">A passage to India </subfield>
    <subfield code="h">[videorecording] /</subfield>
    <subfield code="c">Columbia Pictures presents a John Brabourne and Richard Goodwin production in association with John Heyman and Edward Sands and Home Box office, Inc. ; a David Lean film ; producers John Brabourne, Richard Goodwin ; screenplay and directed by David Lean.</subfield>
  </datafield>
  <datafield tag="260" ind1=" " ind2=" ">
    <subfield code="a">[Beverly Drive, United States] :</subfield>
    <subfield code="b">MGM Home Entertainment Inc.,</subfield>
    <subfield code="c">c.2003.</subfield>
  </datafield>
  <datafield tag="300" ind1=" " ind2=" ">
    <subfield code="a">1 videodisc (237 min.) :</subfield>
    <subfield code="b">sd., col. ;</subfield>
    <subfield code="c">4 3/4 in.</subfield>
  </datafield>
  <datafield tag="508" ind1=" " ind2=" ">
    <subfield code="a">Editor David Lean ; music Maurice Jarre.</subfield>
  </datafield>
  <datafield tag="511" ind1=" " ind2=" ">
    <subfield code="a">Judy Davis, James Fox, Peggy Ashcroft, Alec Guinness.</subfield>
  </datafield>
  <datafield tag="521" ind1=" " ind2=" ">
    <subfield code="a">General viewing, but some scenes may be unsuitable for young children.</subfield>
  </datafield>
  <datafield tag="650" ind1=" " ind2="0">
    <subfield code="a">Women adventurers</subfield>
    <subfield code="z">India</subfield>
    <subfield code="v">Drama</subfield>
    <subfield code="9">35616</subfield>
  </datafield>
  <datafield tag="650" ind1=" " ind2="0">
    <subfield code="a">Tourists</subfield>
    <subfield code="z">India</subfield>
    <subfield code="v">Drama</subfield>
    <subfield code="9">35617</subfield>
  </datafield>
  <datafield tag="650" ind1=" " ind2="0">
    <subfield code="a">Wounds and injuries</subfield>
    <subfield code="z">India</subfield>
    <subfield code="v">Drama</subfield>
    <subfield code="9">35636</subfield>
  </datafield>
  <datafield tag="651" ind1=" " ind2="0">
    <subfield code="a">India</subfield>
    <subfield code="x">History</subfield>
    <subfield code="y">British occupation, 1765-1947</subfield>
    <subfield code="v">Drama</subfield>
    <subfield code="9">35618</subfield>
  </datafield>
  <datafield tag="653" ind1=" " ind2=" ">
    <subfield code="b">GGEN</subfield>
    <subfield code="c">March2014</subfield>
  </datafield>
  <datafield tag="700" ind1="1" ind2=" ">
    <subfield code="a">Davis, Judy,</subfield>
    <subfield code="d">1955-</subfield>
    <subfield code="9">35622</subfield>
  </datafield>
  <datafield tag="700" ind1="1" ind2=" ">
    <subfield code="a">Fox, James,</subfield>
    <subfield code="d">1939-</subfield>
    <subfield code="9">35623</subfield>
  </datafield>
  <datafield tag="700" ind1="1" ind2=" ">
    <subfield code="a">Ashcroft, Peggy,</subfield>
    <subfield code="9">35624</subfield>
    <subfield code="d">1907-1991</subfield>
  </datafield>
  <datafield tag="700" ind1="1" ind2=" ">
    <subfield code="a">Guinness, Alec, </subfield>
    <subfield code="9">35625</subfield>
    <subfield code="d">1914-2000</subfield>
  </datafield>
  <datafield tag="700" ind1="1" ind2=" ">
    <subfield code="a">Jarre, Maurice</subfield>
    <subfield code="9">35626</subfield>
    <subfield code="d">1924-2009</subfield>
  </datafield>
  <datafield tag="700" ind1="1" ind2=" ">
    <subfield code="9">25221</subfield>
    <subfield code="a">Lean, David</subfield>
    <subfield code="d">1908-1991   </subfield>
  </datafield>
  <datafield tag="700" ind1="1" ind2=" ">
    <subfield code="a">Heyman, John,</subfield>
    <subfield code="9">35631</subfield>
    <subfield code="d">1933-</subfield>
  </datafield>
  <datafield tag="700" ind1="1" ind2=" ">
    <subfield code="a">Sands, Edward</subfield>
    <subfield code="9">35630</subfield>
  </datafield>
  <datafield tag="700" ind1="1" ind2=" ">
    <subfield code="a">Goodwin, Richard B., </subfield>
    <subfield code="9">35627</subfield>
    <subfield code="d">1934-</subfield>
  </datafield>
  <datafield tag="700" ind1="1" ind2=" ">
    <subfield code="a">Brabourne, John</subfield>
    <subfield code="9">35628</subfield>
  </datafield>
  <datafield tag="710" ind1="2" ind2=" ">
    <subfield code="a">Home Box Office (Firm)</subfield>
    <subfield code="9">35629</subfield>
  </datafield>
  <datafield tag="710" ind1="2" ind2=" ">
    <subfield code="a">Columbia Pictures</subfield>
    <subfield code="9">25048</subfield>
  </datafield>
  <datafield tag="942" ind1=" " ind2=" ">
    <subfield code="2">ddc</subfield>
    <subfield code="c">DVD</subfield>
    <subfield code="k">791.4372 PAS</subfield>
  </datafield>
  <datafield tag="999" ind1=" " ind2=" ">
    <subfield code="c">18106</subfield>
    <subfield code="d">18078</subfield>
  </datafield>
  <datafield tag="952" ind1=" " ind2=" ">
    <subfield code="0">0</subfield>
    <subfield code="1">0</subfield>
    <subfield code="2">ddc</subfield>
    <subfield code="4">0</subfield>
    <subfield code="7">0</subfield>
    <subfield code="8">Baccah</subfield>
    <subfield code="a">MAIN</subfield>
    <subfield code="b">MAIN</subfield>
    <subfield code="c">2ND</subfield>
    <subfield code="d">2014-03-13</subfield>
    <subfield code="e">Purchase</subfield>
    <subfield code="g">159.00</subfield>
    <subfield code="l">0</subfield>
    <subfield code="o">791.4372 PAS</subfield>
    <subfield code="p">000035689</subfield>
    <subfield code="r">2022-08-24 00:00:00</subfield>
    <subfield code="v">198.75</subfield>
    <subfield code="y">CDVDMOV</subfield>
  </datafield>
</record>
